La concezione della povertà nel Medioevo.

Uloženo v:
Podrobná bibliografie
Hlavní autor: Capitani, Ovidio (autore)
Médium: Kniha
Vydáno: Bologna, Italia: Pàtron editore, 1983,
Vydání:Prima edizione.
Edice:Il mondo medievale. Sezione di storia delle istituzioni della spiritualità e delle idee,
Témata:
Tagy: Přidat tag
Žádné tagy, Buďte první, kdo vytvoří štítek k tomuto záznamu!

MARC

LEADER 00000nam a22000007a 4500
003 CL-VaPUC
005 20220822114534.0
008 220701t1983 ||||| |||| 00| 0 eng d
999 |c 436582  |d 436580 
040 |c Pontificia Universidad Católica de Valparaíso 
082 7 |a 339.46 CAP 1983  |2 22 
100 1 |a Capitani, Ovidio  |e autore  |9 871933 
245 1 3 |a La concezione della povertà nel Medioevo. 
250 |a Prima edizione. 
260 |a Bologna, Italia:  |b Pàtron editore,  |c 1983, 
300 |a 355 páginas. 
490 |a Il mondo medievale. Sezione di storia delle istituzioni della spiritualità e delle idee,   |n  1. 
500 |a c.1 Donación Familia Prof. Alejandro Guzmán Brito. 
583 |c 20220701  |k Catalogador Asistente 
650 |a Pobreza   |y Siglos 9-12  |x Antología   |9 872036 
942 |2 ddc  |c BK  |n 0 
952 |0 0  |1 0  |2 ddc  |4 0  |6 339_460000000000000_CAP_1983  |7 0  |8 C_AGB  |9 584257  |a BIBDER  |b BIBDER  |d 2022-07-01  |e Donación  |i 5652396  |o 339.46 CAP 1983  |p 5652396  |r 2023-01-25  |t 1  |w 2022-07-01  |y BK_US  |k AGB